| 000 | 00464nam a2200193Ia 4500 | ||
|---|---|---|---|
| 005 | 20240823060649.0 | ||
| 008 | 240823s9999||||xx |||||||||||||| ||und|| | ||
| 041 | _aENGLISH | ||
| 082 | _A620.11 N4 | ||
| 100 | _aKhurmi .R.S | ||
| 245 | 0 | _aMaterial Science and Processes | |
| 250 | _a3rd | ||
| 260 |
_c1994 _b"S Chand,New Delhi" |
||
| 500 | _aYES | ||
| 650 |
_aMaterials _bAeronautical Engineering |
||
| 700 | _a Sedha R S | ||
| 942 | _cBK | ||
| 999 |
_c231676 _d231676 |
||